00701nam a2200229 a 4500001001300000003000900013005001700022008004100039020002200080082001500102100002200117245006000139260004300199300000900242500003500251650001700286700002200303902000800325942000700333952011400340999001700454nice12345678IN_TiNIC20260116014544.0140912s2010 anaa grp 000 0 eng  a8187886269 c9500a291.4bDEM aDe Mello, Anthony aPrayer of the Frogb A Book of Story Meditations Vol.Ii aAnand bGujarat Sahitya Prakash c2010 a212p aincludes index and biblioraphy aSpirituality1 aDe Mello, Anthony bSRS cBK 001040708StackRoom-aHMIbHMId2005-01-01g95.00l0o291.4 DEMp024693r2017-05-09v95.00w2014-09-12yBK c15945d15945